Mathematics for the million : (Record no. 1237102)

MARC details
000 -LEADER
fixed length control field 00849nam a2200289 a 4500
001 - CONTROL NUMBER
control field vtls001800535
003 - CONTROL NUMBER IDENTIFIER
control field NLI
005 - DATE AND TIME OF LATEST TRANSACTION
control field 20210629045702.0
008 - FIXED-LENGTH DATA ELEMENTS--GENERAL INFORMATION
fixed length control field 140215s1937 enk 000 0 eng
039 #9 - LEVEL OF BIBLIOGRAPHIC CONTROL AND CODING DETAIL [OBSOLETE]
-- 201402152246
-- VLOAD
040 ## - CATALOGING SOURCE
Original cataloging agency NLI
Language of cataloging eng
Transcribing agency Entertech IMP - 2013
Description conventions AACR2
041 1# - LANGUAGE CODE
Language code of text/sound track or separate title eng
Language code of original .
044 ## - COUNTRY OF PUBLISHING/PRODUCING ENTITY CODE
MARC country code enk
082 ## - DEWEY DECIMAL CLASSIFICATION NUMBER
Classification number 152
100 1# - MAIN ENTRY--PERSONAL NAME
Personal name Hogben, Lancelot
9 (RLIN) 954921
245 10 - TITLE STATEMENT
Title Mathematics for the million :
Remainder of title a popular self educator /
Statement of responsibility, etc. Lancelot Hogben ; illustrated by J.F. Horrabin
250 ## - EDITION STATEMENT
Edition statement . 2nd ed.
260 ## - PUBLICATION, DISTRIBUTION, ETC.
Place of publication, distribution, etc. London :
Name of publisher, distributor, etc. [s.n.],
Date of publication, distribution, etc. 1937
300 ## - PHYSICAL DESCRIPTION
Dimensions 22 cm.
650 #0 - SUBJECT ADDED ENTRY--TOPICAL TERM
Topical term or geographic name entry element Ibn Khallikans
General subdivision Biographical
Form subdivision Dictionaries
700 1# - ADDED ENTRY--PERSONAL NAME
Personal name Horrabin, J.F.,
Relationship ill
9 (RLIN) 801236
887 ## - NON-MARC INFORMATION FIELD
Content of non-MARC field
901 ## - LOCAL DATA ELEMENT A, LDA (RLIN)
a IMP39607
902 ## - LOCAL DATA ELEMENT B, LDB (RLIN)
a 152 D. 257
949 ## - LOCAL PROCESSING INFORMATION (OCLC)
-- VIRTUAITEM
-- 10000
-- 100
6 IMP000039607ENG
942 ## - ADDED ENTRY ELEMENTS (KOHA)
Source of classification or shelving scheme Dewey Decimal Classification
Koha item type Books
Holdings
Withdrawn status Lost status Damaged status Not for loan Home library Current library Date acquired Total Checkouts Full call number Barcode Date last seen Price effective from Koha item type
        National Library of India National Library of India     152 D. 257 IMP000039607ENG 29/06/2021 29/06/2021 Books
                                                                           
web counter

Copyright ©2020 The National Library of India, Govt. of India ↔ Hosted by NVLI, MOC ↔ Technology and Design by National Library of India, Ministry of Culture, Govt. of India